00000000nam 2200000zi 4500
0019.947299
003CaOODSP
00520250123114728
006m     o  d f      
007cr mn|||||||||
008250123t19831983oncad   obs  f000 0 eng d
020 |z066252652X
040 |aCaOODSP|beng|erda|cCaOODSP
043 |an-cn---
0861 |aId46-3/1983E-PDF|zId46-3/1983
24500|aWoollen and worsted fabrics : |ba report to the Minister of Industry, Trade and Commerce and Regional Economic Expansion.
264 1|aOttawa, Canada : |bTextile and Clothing Board = Commission du textile et du vêtement, |c[1983]
264 4|c©1983
300 |a1 online resource (vi, 97 pages) : |bfigure, graph
336 |atext|btxt|2rdacontent
337 |acomputer|bc|2rdamedia
338 |aonline resource|bcr|2rdacarrier
500 |aDigitized edition from print [produced by Innovation, Science and Economic Development Canada].
500 |aIssued also in French under title: Tissus de laine cardée et lain peignée : un rapport au ministre de l'Industrie et du Commerce et de l'Expansion économique régionale.
504 |aIncludes bibliographical references.
650 0|aWool industry|zCanada|vStatistics.
650 0|aWoolen and worsted manufacture|zCanada|vStatistics.
655 7|aStatistics|2lcgft
7101 |aCanada. |bTextile and Clothing Board, |eissuing body.
77508|tTissus de laine cardée et lain peignée : |w(CaOODSP)9.947303
85640|qPDF|s1.49 MB|uhttps://publications.gc.ca/collections/collection_2025/isde-ised/Id46-3-1983-eng.pdf